<?xml version="1.0" encoding="UTF-8"?>
<collection xmlns="http://www.loc.gov/MARC21/slim">
<record>
  <controlfield tag="001">153740</controlfield>
  <controlfield tag="005">20250512161004.0</controlfield>
  <datafield tag="037" ind1=" " ind2=" ">
    <subfield code="a">TAZ-TFM-2025-080</subfield>
  </datafield>
  <datafield tag="041" ind1=" " ind2=" ">
    <subfield code="a">spa</subfield>
  </datafield>
  <datafield tag="100" ind1="1" ind2=" ">
    <subfield code="a">Yang, Chuwei</subfield>
  </datafield>
  <datafield tag="242" ind1="0" ind2="0">
    <subfield code="a">Co-creation of human resources value in the context of travel agencies in China</subfield>
  </datafield>
  <datafield tag="245" ind1="0" ind2="0">
    <subfield code="a">Co-creación de valor de recursos humanos en el contexto de las agencias de viajes en China</subfield>
  </datafield>
  <datafield tag="260" ind1=" " ind2=" ">
    <subfield code="a">Zaragoza</subfield>
    <subfield code="b">Universidad de Zaragoza</subfield>
    <subfield code="c">2025</subfield>
  </datafield>
  <datafield tag="300" ind1=" " ind2=" ">
    <subfield code="e">material-fisico-adicional</subfield>
  </datafield>
  <datafield tag="506" ind1=" " ind2=" ">
    <subfield code="a">by-nc-sa</subfield>
    <subfield code="b">Creative Commons</subfield>
    <subfield code="c">3.0</subfield>
    <subfield code="u">http://creativecommons.org/licenses/by-nc-sa/3.0/</subfield>
  </datafield>
  <datafield tag="520" ind1=" " ind2=" ">
    <subfield code="a">La co-creación de valor ha surgido como un concepto fundamental, sobre todo en los estudios de de marketing y su relación directa con los clientes. Sin embargo, este concepto ha ido ampliando otras áreas organizaciones, como, por ejemplo, la gestión de los recursos humanos. Este trabajo fin de máster se centra en las agencias de viajes de la provincia de Guizhou, China, y examina cómo estas organizaciones involucran a sus diversos grupos de interés en la co-creación de valor relacionada con los recursos humanos. El estudio se basa en un enfoque exploratorio-descriptivo, estructurado en un marco teórico que integra conceptos de co-creación de valor de diferentes disciplinas. Para la recolección de datos, se emplea un método cuantitativo, utilizando un cuestionario validado y replicable aplicado a 167 agencias de viajes. Los hallazgos indican que las agencias de viajes en Guizhou están implementando procesos de co-creación de valor en el ámbito de los recursos humanos, fomentando la colaboración entre distintos stakeholders. Prácticas de gestión de recursos humanos, como la capacitación y el empoderamiento de los empleados son identificadas como esenciales para enriquecer la experiencia del cliente y fomentar la lealtad. El estudio presenta limitaciones, como su contexto geográfico restringido a la provincia de Guizhou. Para futuras investigaciones, la realización de estudios cualitativos, como entrevistas en profundidad podría beneficiar los resultados alcanzados. Este trabajo contribuye a la literatura sobre co-creación de valor de recursos en el turismo y ofrece recomendaciones prácticas para mejorar la gestión empresarial en un entorno dinámico y competitivo.&lt;br />&lt;br /></subfield>
  </datafield>
  <datafield tag="521" ind1=" " ind2=" ">
    <subfield code="a">Máster Universitario en Dirección y Planificación del Turismo</subfield>
  </datafield>
  <datafield tag="540" ind1=" " ind2=" ">
    <subfield code="a">Derechos regulados por licencia Creative Commons</subfield>
  </datafield>
  <datafield tag="856" ind1="0" ind2=" ">
    <subfield code="f">887885@unizar.es</subfield>
  </datafield>
  <datafield tag="856" ind1="4" ind2=" ">
    <subfield code="s">1082600</subfield>
    <subfield code="u">http://zaguan.unizar.es/record/153740/files/TAZ-TFM-2025-080.pdf</subfield>
    <subfield code="y">Memoria (spa)</subfield>
  </datafield>
  <datafield tag="856" ind1="4" ind2=" ">
    <subfield code="s">412769</subfield>
    <subfield code="u">http://zaguan.unizar.es/record/153740/files/TAZ-TFM-2025-080_ANE.pdf</subfield>
    <subfield code="y">Anexos (spa)</subfield>
  </datafield>
  <datafield tag="909" ind1="C" ind2="O">
    <subfield code="o">oai:zaguan.unizar.es:153740</subfield>
    <subfield code="p">driver</subfield>
    <subfield code="p">trabajos-fin-master</subfield>
  </datafield>
  <datafield tag="950" ind1=" " ind2=" ">
    <subfield code="a"></subfield>
  </datafield>
  <datafield tag="691" ind1=" " ind2=" ">
    <subfield code="a">8 9</subfield>
  </datafield>
  <datafield tag="692" ind1=" " ind2=" ">
    <subfield code="a">Este trabajo fin de máster se relaciona con los ODS 8 y 9, enfocándose en la co-creación de valor en la gestión de recursos humanos en agencias de viajes de Guizhou. En cuanto al ODS 8, el estudio destaca la creación de empleos sostenibles y de calidad, mejorando las condiciones laborales y fomentando un ambiente positivo que impulsa el crecimiento económico. La colaboración entre diversos grupos de interés promueve innovaciones en la gestión y también mejora la eficiencia operativa y la productividad de las organizaciones. Respecto al ODS 9, el estudio sugiere que la co-creación de valor puede contribuir al desarrollo de infraestructuras turísticas sostenibles y resilientes, beneficiando tanto a empresas como a comunidades locales. Además, esta colaboración puede fomentar la innovación en el sector, permitiendo la creación de nuevos modelos de negocios turísticos.</subfield>
  </datafield>
  <datafield tag="700" ind1=" " ind2=" ">
    <subfield code="a">Pessoa de Oliveira, Ana Katarina</subfield>
    <subfield code="e">dir.</subfield>
  </datafield>
  <datafield tag="710" ind1="2" ind2=" ">
    <subfield code="a">Universidad de Zaragoza</subfield>
    <subfield code="b">Dirección y Organización de Empresas</subfield>
    <subfield code="c">Organización de Empresas</subfield>
  </datafield>
  <datafield tag="980" ind1=" " ind2=" ">
    <subfield code="a">TAZ</subfield>
    <subfield code="b">TFM</subfield>
    <subfield code="c">FEGP</subfield>
  </datafield>
  <datafield tag="999" ind1=" " ind2=" ">
    <subfield code="a">20250129162730.CREATION_DATE</subfield>
  </datafield>
  <datafield tag="951" ind1=" " ind2=" ">
    <subfield code="a">deposita:2025-05-12</subfield>
  </datafield>
</record>
</collection>